00703nam a2200193Ia 4500952012800000999001700128003000400145005001700149008004100166020001500207040000900222082001800231100003700249245010700286260004300393300000900436650002200445942004200467 00102ddc40708POEaMESbMEScENGd2019-02-20g95.00l0o892.73 GIB/Kp25332r2019-02-20 00:00:00w2019-02-20yBKzGR10R4 c22473d22473OSt20201110122857.0190216s9999||||xx |||||||||||||| ||und|| a8172241593 coclc a892.73bGIB/K1 aGibran, Kahlil,92057d1883-1931 0aKhalil Gibran reader : bSpirits rebellious. Secrets of the heart. Tears and laughter /cKhalil Gibran bJaico Publishing House,aDelhi:c1999. a361p xArabic Literature cBK2ddch892.73iGIB/Kk892.73mGIB/K